[Event "Dundee & Angus Major"]
[Site "?"]
[Date "2014.10.10"]
[Round "1"]
[White "Sanger (J10), Jake M"]
[Black "Noble, Ray"]
[Result "0-1"]
[WhiteElo "1097"]
[BlackElo "1542"]
[PlyCount "32"]
[EventDate "2014.??.??"]

1. e4 c5 2. Nc3 Nc6 3. f4 g6 4. Nf3 Bg7 5. Bc4 e6 6. f5 Nge7 7. fxe6 dxe6 8.
O-O O-O 9. Qe1 Nd4 10. d3 Nxc2 11. Qh4 Nxa1 12. Bh6 Nc6 13. Ng5 Bf6 14. Rxf6
Qxf6 15. Bxf8 h5 16. g4 Qf4 0-1

[Event "Dundee & Angus Major"]
[Site "?"]
[Date "2014.10.10"]
[Round "1"]
[White "Walsh, Peter"]
[Black "Lynch, John"]
[Result "1-0"]
[WhiteElo "1531"]
[BlackElo "1028"]
[PlyCount "65"]
[EventDate "2014.??.??"]

{1024MB, Fritz12.ctg, Noble-PC} 1. c4 g6 2. Nc3 Bg7 3. Nf3 d6 4. d4 Nd7 5. e4
e5 6. Be2 exd4 7. Nxd4 c5 8. Ndb5 Bxc3+ 9. bxc3 Qb6 10. Bf4 f6 11. O-O Ne5 12.
Nxd6+ Ke7 13. Nxc8+ Rxc8 14. Bxe5 Rd8 15. Bxf6+ Nxf6 16. Qc2 Qc7 17. f4 Rhf8
18. e5 Nd7 19. Qe4 Qc6 20. Bf3 Qxe4 21. Bxe4 b6 22. g3 Nb8 23. Rfd1 Rd7 24.
Rxd7+ Nxd7 25. a4 a5 26. Rd1 Rd8 27. Kf2 Nf8 28. Bd5 Ne6 29. Ke3 Nc7 30. Ke4
Ne6 31. Rb1 Rb8 32. Rb5 Nc7 33. Rb1 1-0

[Event "Dundee & Angus Major"]
[Site "?"]
[Date "2014.10.10"]
[Round "1"]
[White "Banerjee (J14), Agnijo"]
[Black "Potts, David"]
[Result "0-1"]
[WhiteElo "1102"]
[BlackElo "1523"]
[PlyCount "55"]
[EventDate "2014.??.??"]

1. e4 b6 2. d4 Bb7 3. Nc3 e6 4. Nf3 Bb4 5. Bd3 Nf6 6. Qe2 d5 7. exd5 Qxd5 8. a3
Bxc3+ 9. bxc3 O-O 10. O-O Qh5 11. Ne5 Qxe2 12. Bxe2 Nbd7 13. Nxd7 Nxd7 14. Bf4
Rac8 15. Bb5 c6 16. Be2 c5 17. Bd3 c4 18. Be2 Be4 19. Ra2 Nf6 20. Re1 Bd5 21.
f3 Rfe8 22. Rb2 Nd7 23. h4 a6 24. h5 b5 25. h6 g6 26. Bg3 Nb6 27. a4 Nxa4 28.
Ra2 0-1

[Event "Dundee & Angus Major"]
[Site "?"]
[Date "2014.10.10"]
[Round "1"]
[White "Caldow, Ian M"]
[Black "Birkett (J18), Callum"]
[Result "1-0"]
[WhiteElo "1503"]
[BlackElo "1161"]
[PlyCount "75"]
[EventDate "2014.??.??"]

1. e4 e5 2. Nf3 Nc6 3. Bc4 Bc5 4. c3 d6 5. d4 exd4 6. cxd4 Bb4+ 7. Nc3 h6 8.
O-O Bxc3 9. bxc3 Bg4 10. Rb1 Na5 11. Be2 Nf6 12. Re1 O-O 13. Qd3 Re8 14. Bd1 d5
15. e5 Ne4 16. Bc2 Bf5 17. Nd2 Nd6 18. Qf1 Bxc2 19. Rb2 Bf5 20. exd6 Qxd6 21.
Nf3 b6 22. Rbe2 Rxe2 23. Qxe2 Qc6 24. Bd2 Nc4 25. Ne5 Nxe5 26. Qxe5 Bd7 27. Qg3
g5 28. h4 g4 29. Qf4 Kg7 30. Re7 Rf8 31. Qe5+ Kg8 32. Qh5 Qd6 33. Re5 f5 34.
Bxh6 Rf6 35. Bf4 Re6 36. Rxf5 Qe7 37. Qg5+ Qxg5 38. Bxg5 1-0

[Event "Dundee & Angus Major"]
[Site "?"]
[Date "2014.10.10"]
[Round "1"]
[White "Waugh, Norman"]
[Black "Flockhart, Hugh S"]
[Result "1/2-1/2"]
[WhiteElo "1197"]
[BlackElo "1479"]
[PlyCount "50"]
[EventDate "2014.??.??"]

1. d4 g6 2. Nf3 Nf6 3. c4 e5 4. e3 Bg7 5. Nc3 O-O 6. Bd3 d6 7. O-O Nc6 8. a3
Bg4 9. h3 Bxf3 10. Qxf3 Qd7 11. Bd2 exd4 12. Nb5 dxe3 13. Bxe3 Ne5 14. Qe2 Nxd3
15. Qxd3 a6 16. Nc3 Qc6 17. Rad1 Rac8 18. b3 Rfe8 19. Rfe1 Nd7 20. Ne4 Ne5 21.
Qd5 Qxd5 22. Rxd5 Nd7 23. c5 Nf6 24. Nxf6+ Bxf6 25. cxd6 cxd6 1/2-1/2

[Event "Dundee & Angus Major"]
[Site "?"]
[Date "2014.10.10"]
[Round "1"]
[White "Adams, David J"]
[Black "Banerjee, Subhayu"]
[Result "1-0"]
[WhiteElo "1478"]
[BlackElo "1201"]
[PlyCount "88"]
[EventDate "2014.??.??"]

1. c4 e5 2. Nc3 Nc6 3. Nf3 Bc5 4. Nxe5 d6 5. Nf3 Nf6 6. d4 Bb4 7. Bd2 Bxc3 8.
Bxc3 d5 9. e3 Ne4 10. Qb3 Nxc3 11. Qxc3 O-O 12. cxd5 Qxd5 13. Bc4 Qd6 14. O-O
Bg4 15. Nd2 Qg6 16. Bd3 Qe6 17. Ne4 Qe7 18. Ng3 Nb4 19. Bf5 Nd5 20. Qc2 Nf6 21.
Bd3 g6 22. Rac1 h5 23. h3 h4 24. Ne2 Bxe2 25. Qxe2 Rfe8 26. Qc2 Nd5 27. a3 Rac8
28. Qb3 c6 29. Qc2 Qg5 30. Rfe1 Re6 31. Re2 Rce8 32. Rce1 f5 33. Bc4 f4 34.
Bxd5 cxd5 35. exf4 Rxe2 36. Rxe2 Qd8 37. Qxg6+ Kf8 38. Rxe8+ Qxe8 39. Qxe8+
Kxe8 40. g3 Kf7 41. gxh4 Kg6 42. Kg2 Kh5 43. f5 a5 44. f3 b5 1-0

[Event "Dundee & Angus Major"]
[Site "?"]
[Date "2014.10.10"]
[Round "1"]
[White "Mulken, van Nanning"]
[Black "Coyne, Ronald"]
[Result "1/2-1/2"]
[WhiteElo "1472"]
[BlackElo "1203"]
[PlyCount "37"]
[EventDate "2014.??.??"]

1. d4 Nf6 2. c4 e5 3. dxe5 Ng4 4. Nf3 Bc5 5. e3 Nc6 6. Be2 Ngxe5 7. O-O O-O 8.
Nc3 a6 9. a3 d6 10. Qc2 Be6 11. Nd5 Bxd5 12. cxd5 Nxf3+ 13. Bxf3 Ne5 14. Be4
Ng6 15. b4 Bb6 16. Bb2 Qg5 17. Qc3 Qe5 18. Qc2 Qg5 19. Qc3 1/2-1/2

[Event "Dundee & Angus Major"]
[Site "?"]
[Date "2014.10.10"]
[Round "1"]
[White "Volland (J11), Ben"]
[Black "Pearson, Walter"]
[Result "1/2-1/2"]
[WhiteElo "1273"]
[BlackElo "1454"]
[PlyCount "132"]
[EventDate "2014.??.??"]

1. e4 e5 2. Nf3 Nc6 3. Nc3 d6 4. d4 exd4 5. Nxd4 Bd7 6. Be3 g6 7. Bc4 Bg7 8.
Qd2 Nge7 9. O-O O-O 10. Rad1 Na5 11. Bb3 Nxb3 12. cxb3 Nc6 13. f4 Bg4 14. Nxc6
bxc6 15. Rc1 Qd7 16. h3 Be6 17. Rfd1 Rfd8 18. Bd4 c5 19. Bxg7 Kxg7 20. e5 dxe5
21. Qxd7 Rxd7 22. Rxd7 Bxd7 23. fxe5 Re8 24. Ne4 Rxe5 25. Nxc5 Be8 26. Nd3 Re7
27. Kf2 f5 28. Nb4 Bb5 29. Nd5 Re2+ 30. Kf3 Rxb2 31. Rxc7+ Kh6 32. Nc3 a6 33.
Nxb5 axb5 34. Rb7 Rxa2 35. Rxb5 Rc2 36. Re5 Rc3+ 37. Re3 Rc7 38. b4 Kg5 39. g3
Rb7 40. Rb3 Rb5 41. Rb2 Kf6 42. h4 h6 43. Rb3 Ke5 44. Re3+ Kd5 45. Re7 Rxb4 46.
Rh7 h5 47. Rh6 Rg4 48. Kg2 Ke6 49. Rh7 Rb4 50. Rg7 Kf6 51. Rd7 Rb2+ 52. Kf3
Rb3+ 53. Kg2 Rb6 54. Rd4 Ke5 55. Rf4 Rb2+ 56. Kf3 Rb3+ 57. Kg2 Re3 58. Kf2 Ra3
59. Kg2 Kf6 60. Kf2 g5 61. hxg5+ Kxg5 62. Kg2 Ra2+ 63. Kf1 Ra1+ 64. Kg2 Re1 65.
Kf2 Re4 66. Rf3 h4 1/2-1/2

[Event "Dundee & Angus Major"]
[Site "?"]
[Date "2014.10.10"]
[Round "1"]
[White "Burnett, Robert"]
[Black "Waddell, Alec"]
[Result "1/2-1/2"]
[WhiteElo "1453"]
[BlackElo "1284"]
[PlyCount "62"]
[EventDate "2014.??.??"]

1. e4 e5 2. Nf3 Nc6 3. Bc4 Nf6 4. O-O Nxe4 5. d4 d6 6. Re1 Nf6 7. dxe5 dxe5 8.
Qxd8+ Nxd8 9. Rxe5+ Ne6 10. Nc3 Bd6 11. Re2 O-O 12. Ne4 Nxe4 13. Rxe4 Nc5 14.
Re1 Be6 15. Bxe6 Nxe6 16. Be3 Rad8 17. c3 a5 18. Nd4 Nxd4 19. Bxd4 Rfe8 20. g3
f6 21. Rad1 Kf7 22. Kf1 Rxe1+ 23. Kxe1 Re8+ 24. Kf1 Re6 25. b4 axb4 26. cxb4
Be5 27. h4 b6 28. Kg2 Bxd4 29. Rxd4 Rd6 30. Re4 Rd7 31. g4 Re7 1/2-1/2

[Event "Dundee & Angus Major"]
[Site "?"]
[Date "2014.10.10"]
[Round "1"]
[White "Alomenu, Gilbert"]
[Black "Sawaryn, Steve"]
[Result "0-1"]
[WhiteElo "1309"]
[BlackElo "1453"]
[PlyCount "42"]
[EventDate "2014.??.??"]

1. d4 Nf6 2. Bf4 d6 3. e3 g6 4. Nc3 Bg7 5. Nf3 Nbd7 6. Bc4 O-O 7. h4 h5 8. Qd3
Nb6 9. Qxg6 Nxc4 10. Qg3 Ng4 11. Nh2 e5 12. dxe5 dxe5 13. Rd1 exf4 14. Rxd8
fxg3 15. Rxf8+ Kxf8 16. Nxg4 Bxg4 17. f3 Bxc3+ 18. bxc3 Be6 19. e4 Rd8 20. f4
Bg4 21. f5 Rd1# 0-1

[Event "Dundee & Angus Major"]
[Site "?"]
[Date "2014.10.10"]
[Round "1"]
[White "Constance (J13), Tom"]
[Black "Barron-Majerik, Jan"]
[Result "0-1"]
[WhiteElo "1118"]
[BlackElo "1475"]
[PlyCount "66"]
[EventDate "2014.??.??"]

1. d4 f5 2. Nf3 Nf6 3. e3 e6 4. Bd3 Be7 5. Nbd2 d6 6. b3 Nc6 7. a3 e5 8. dxe5
dxe5 9. Be2 O-O 10. Bc4+ Kh8 11. Bb2 e4 12. Ne5 Nxe5 13. Bxe5 Ng4 14. Bd4 Bf6
15. c3 Qe7 16. h3 Ne5 17. b4 Be6 18. Bc5 Qf7 19. Bxe6 Qxe6 20. Bxf8 Nd3+ 21.
Kf1 Rxf8 22. Qb3 Qd6 23. Rd1 Bh4 24. Nc4 Qg6 25. Rd2 f4 26. Qc2 fxe3 27. Nxe3
Bxf2 28. Ke2 Bxe3 29. Kxe3 Qg5+ 30. Kxe4 Qe5+ 31. Kxd3 Rd8+ 32. Kc4 Qe6+ 33.
Kc5 Qa6 0-1

[Event "Dundee & Angus Major"]
[Site "?"]
[Date "2014.10.11"]
[Round "2"]
[White "Noble, Ray"]
[Black "Congalton, David"]
[Result "1-0"]
[WhiteElo "1542"]
[BlackElo "1429"]
[PlyCount "111"]
[EventDate "2014.??.??"]

1. e4 d6 2. Nc3 g6 3. g3 Bg7 4. Bg2 Nf6 5. d3 O-O 6. f4 c5 7. Nf3 Nc6 8. O-O
Rb8 9. Be3 Ng4 10. Bc1 b5 11. Rb1 a5 12. h3 Nf6 13. Be3 b4 14. Ne2 Qc7 15. c4
bxc3 16. Nxc3 Ba6 17. a3 Bc8 18. Nd2 Bd7 19. g4 e6 20. Nc4 Ne8 21. e5 d5 22.
Bxc5 dxc4 23. dxc4 Kh8 24. Nb5 Qd8 25. Bxc6 Bxc6 26. Qxd8 Rxd8 27. Bxf8 Bxf8
28. Rbd1 Rxd1 29. Rxd1 Bc5+ 30. Kh2 Kg7 31. Rd8 Bb6 32. Rc8 Bxb5 33. cxb5 Nc7
34. g5 Nd5 35. Kg3 Be3 36. Rc4 Bb6 37. Kf3 Kg8 38. Rc8+ Kg7 39. Ke4 Be3 40. Rb8
Bb6 41. Rxb6 Nxb6 42. Kd4 h6 43. h4 hxg5 44. hxg5 Kf8 45. Kc5 Nd7+ 46. Kc6 Ke8
47. Kc7 Nc5 48. b6 Na6+ 49. Kc8 Ke7 50. b7 a4 51. b8=Q Nxb8 52. Kxb8 Kd8 53.
Kb7 Kd7 54. Kb6 Kc8 55. Kb5 Kc7 56. Kxa4 1-0

[Event "Dundee & Angus Major"]
[Site "?"]
[Date "2014.10.11"]
[Round "2"]
[White "Barron-Majerik, Jan"]
[Black "Walsh, Peter"]
[Result "1/2-1/2"]
[WhiteElo "1475"]
[BlackElo "1531"]
[PlyCount "56"]
[EventDate "2014.??.??"]

1. c4 Nf6 2. Nc3 c5 3. e3 Nc6 4. Nf3 e6 5. d4 cxd4 6. exd4 d5 7. Bf4 Bd6 8.
Bxd6 Qxd6 9. c5 Qb8 10. Rb1 O-O 11. b4 e5 12. b5 Nxd4 13. Nxd4 exd4 14. Qxd4
Bf5 15. Rb2 Re8+ 16. Be2 Qe5 17. Qxe5 Rxe5 18. O-O d4 19. Na4 Rae8 20. Bc4 Re1
21. Rd2 Rxf1+ 22. Kxf1 Rd8 23. f3 h5 24. Nb2 Nd5 25. Kf2 Nc3 26. Nd3 Kf8 27.
Nf4 g6 28. Ne2 Nxe2 1/2-1/2

[Event "Dundee & Angus Major"]
[Site "?"]
[Date "2014.10.11"]
[Round "2"]
[White "Potts, David"]
[Black "Hope, Iain D"]
[Result "1-0"]
[WhiteElo "1523"]
[BlackElo "1325"]
[PlyCount "112"]
[EventDate "2014.??.??"]

1. c4 Nf6 2. g3 e6 3. Bg2 d5 4. Nf3 Nbd7 5. b3 b6 6. O-O Bb7 7. Bb2 Be7 8. d4
c6 9. Nbd2 O-O 10. Re1 Qc7 11. Rc1 Rac8 12. e4 dxe4 13. Nxe4 Nxe4 14. Rxe4 Nf6
15. Re2 Rfd8 16. Qe1 Qb8 17. Nd2 Bb4 18. a3 Bxd2 19. Rxd2 Nd7 20. Qe3 c5 21. d5
exd5 22. Bxd5 Bxd5 23. Rxd5 Nf8 24. Rcd1 Rxd5 25. cxd5 Re8 26. Qg5 Ng6 27. d6
Qd8 28. Qd5 Qd7 29. b4 cxb4 30. axb4 Nf8 31. b5 Rd8 32. Qc6 Rc8 33. Qxd7 Nxd7
34. Re1 f6 35. Re7 Rd8 36. Ba3 Nc5 37. Bxc5 bxc5 38. Rxa7 Rxd6 39. Rc7 Rb6 40.
Rxc5 Kf7 41. f4 Ke6 42. Rc7 g5 43. fxg5 fxg5 44. Rc5 h6 45. Kg2 Kd6 46. Rf5 Ke6
47. Rc5 Rd6 48. Rc6 Rxc6 49. bxc6 Kd6 50. Kf3 Kxc6 51. Kg4 Kd5 52. Kh5 Ke4 53.
Kxh6 g4 54. Kg5 Kf3 55. Kf5 Kg2 56. Kxg4 Kxh2 1-0

[Event "Dundee & Angus Major"]
[Site "?"]
[Date "2014.10.11"]
[Round "2"]
[White "Sawaryn, Steve"]
[Black "Caldow, Ian M"]
[Result "0-1"]
[WhiteElo "1453"]
[BlackElo "1503"]
[PlyCount "106"]
[EventDate "2014.??.??"]

1. e4 c5 2. Nf3 d6 3. d4 cxd4 4. Nxd4 Nf6 5. Nc3 a6 6. Be3 b5 7. f3 Bb7 8. Qd2
e6 9. O-O-O Be7 10. h4 Nbd7 11. Be2 Qa5 12. Nb3 Qc7 13. Bxb5 axb5 14. Nxb5 Qc6
15. Nxd6+ Bxd6 16. Qxd6 Qxd6 17. Rxd6 O-O 18. a3 Ba6 19. Nc5 Nxc5 20. Bxc5 Rfc8
21. Bb4 Nh5 22. Rhd1 h6 23. b3 Nf4 24. Kb2 Nxg2 25. c4 Nxh4 26. Rd7 Nxf3 27.
Bc3 Rab8 28. Bb4 Ng5 29. e5 Nf3 30. Bd6 Rb7 31. Rxb7 Bxb7 32. Rc1 f6 33. exf6
gxf6 34. c5 Ne5 35. Rc3 Nc6 36. b4 Kf7 37. b5 Na5 38. c6 Nxc6 39. bxc6 Rxc6 40.
Rd3 Ba6 41. Rd2 e5 42. Bb4 Ke6 43. Rh2 f5 44. Rxh6+ Kd5 45. Rxc6 Kxc6 46. Kc3
Kd5 47. Kd2 f4 48. Ba5 Ke4 49. Bc7 Kf5 50. a4 e4 51. a5 e3+ 52. Ke1 f3 53. Bb6
Ke4 0-1

[Event "Dundee & Angus Major"]
[Site "?"]
[Date "2014.10.11"]
[Round "2"]
[White "Young, Colin"]
[Black "Adams, David"]
[Result "1/2-1/2"]
[WhiteElo "1340"]
[BlackElo "1478"]
[PlyCount "68"]
[EventDate "2014.??.??"]

1. c4 c5 2. Nc3 Nf6 3. Nf3 Nc6 4. g3 g6 5. Bg2 Bg7 6. O-O O-O 7. Re1 d6 8. d4
cxd4 9. Nxd4 Nxd4 10. Qxd4 Nd7 11. Qd2 Ne5 12. b3 Nc6 13. Rd1 Be6 14. Bb2 Qc8
15. Rab1 Bf5 16. Ne4 h6 17. Bxg7 Kxg7 18. Rb2 Ne5 19. Qd4 f6 20. Nc3 Re8 21.
Nd5 Nf7 22. Ne3 Bd7 23. Rbd2 Bc6 24. Nd5 Nd8 25. Rd3 Bxd5 26. Bxd5 Nc6 27. Qc3
Ne5 28. Re3 Rb8 29. Rd4 Nc6 30. Rde4 e5 31. Rd3 Qc7 32. Qd2 Rbd8 33. Rde3 Rf8
34. a4 Qd7 1/2-1/2

[Event "Dundee & Angus Major"]
[Site "?"]
[Date "2014.10.11"]
[Round "2"]
[White "Cunningham, Jim M"]
[Black "Washington, Ian"]
[Result "1-0"]
[WhiteElo "1556"]
[BlackElo "1342"]
[PlyCount "100"]
[EventDate "2014.??.??"]

1. e4 d5 2. exd5 Nf6 3. Bb5+ Nbd7 4. Nc3 a6 5. Be2 Nb6 6. d4 Bf5 7. Bf3 Qd6 8.
Nge2 O-O-O 9. a3 h6 10. g3 g5 11. b4 Bh3 12. Ng1 Bf5 13. Bg2 e6 14. Nge2 exd5
15. O-O Nc4 16. Na4 b6 17. Nb2 Nxb2 18. Bxb2 h5 19. Bc1 Bh6 20. f4 Rdg8 21.
fxg5 Bxg5 22. Rxf5 Bxc1 23. Rxc1 h4 24. Qd3 Kb7 25. c4 hxg3 26. hxg3 Ne4 27.
Bxe4 dxe4 28. Qxe4+ Kb8 29. Qf4 Qxf4 30. Rxf4 Re8 31. Nc3 Rhg8 32. Kg2 Re3 33.
Rf3 Re7 34. Rcf1 Rf8 35. R1f2 c6 36. Re2 Rd7 37. Rf4 b5 38. c5 Rfd8 39. Ree4 f5
40. Rxf5 Rxd4 41. Rxd4 Rxd4 42. Rf3 a5 43. bxa5 Rd2+ 44. Rf2 Rd3 45. Rc2 Ka7
46. Kh3 Ka6 47. Kh4 Kxa5 48. g4 b4 49. axb4+ Kxb4 50. Ne4 Rd4 1-0

[Event "Dundee & Angus Major"]
[Site "?"]
[Date "2014.10.11"]
[Round "2"]
[White "Flockhart, Hugh S"]
[Black "Volland (J11), Ben"]
[Result "1/2-1/2"]
[WhiteElo "1479"]
[BlackElo "1273"]
[PlyCount "41"]
[EventDate "2014.??.??"]

1. e4 e5 2. Bc4 Bc5 3. Nf3 Nc6 4. c3 Nf6 5. d3 d6 6. Nbd2 Be6 7. Bb5 O-O 8. O-O
a6 9. Ba4 b5 10. Bc2 Bb6 11. Nb3 d5 12. Bg5 dxe4 13. dxe4 Qxd1 14. Raxd1 Bc4
15. Rfe1 Ng4 16. Bh4 f6 17. h3 Nh6 18. Nc1 Ne7 19. b3 Be6 20. Nh2 Rad8 21. Nf1
1/2-1/2

[Event "Dundee & Angus Major"]
[Site "?"]
[Date "2014.10.11"]
[Round "2"]
[White "Waddell, Alec M"]
[Black "Mulken, Nanning Van"]
[Result "1/2-1/2"]
[WhiteElo "1284"]
[BlackElo "1472"]
[PlyCount "43"]
[EventDate "2014.??.??"]

1. e4 c6 2. d4 d5 3. exd5 cxd5 4. Bd3 Nc6 5. c3 Qc7 6. Ne2 Nf6 7. Bf4 e5 8.
dxe5 Nxe5 9. Bb5+ Bd7 10. Bxd7+ Kxd7 11. Qd4 Bd6 12. O-O Nc6 13. Qe3 Rae8 14.
Qh3+ Re6 15. Bxd6 Qxd6 16. Na3 Ke7 17. Rfe1 Re8 18. Nd4 Nxd4 19. cxd4 a6 20.
Rxe6+ Qxe6 21. Qxe6+ Kxe6 22. Re1+ 1/2-1/2

[Event "Dundee & Angus Major"]
[Site "?"]
[Date "2014.10.11"]
[Round "2"]
[White "Pearson, Walter J"]
[Black "Richmond (J12), Liam"]
[Result "1-0"]
[WhiteElo "1454"]
[BlackElo "1243"]
[PlyCount "51"]
[EventDate "2014.??.??"]

1. e4 c6 2. Nc3 d5 3. Nf3 dxe4 4. Nxe4 Bf5 5. Ng3 Bg6 6. h4 h6 7. Bc4 e6 8. Qe2
Nf6 9. Ne5 Bh7 10. Nxf7 Qe7 11. Nxh8 Nbd7 12. Qxe6 O-O-O 13. Qxe7 Bxe7 14. Nf7
Re8 15. O-O Bc5 16. d3 Ng4 17. Bf4 b5 18. Bb3 Kb7 19. Nd6+ Bxd6 20. Bxd6 g5 21.
hxg5 hxg5 22. Bf7 Rh8 23. Rfe1 Ndf6 24. Re7+ Kb6 25. a4 a6 26. a5# 1-0

[Event "Dundee & Angus Major"]
[Site "?"]
[Date "2014.10.11"]
[Round "2"]
[White "Coyne (J16), Ronald"]
[Black "Burnett, Robert"]
[Result "0-1"]
[WhiteElo "1203"]
[BlackElo "1453"]
[PlyCount "73"]
[EventDate "2014.??.??"]

1. d4 Nf6 2. c4 e6 3. Nc3 d5 4. cxd5 exd5 5. Bg5 Be7 6. Qc2 O-O 7. e3 Re8 8. h3
Ne4 9. Bxe7 Rxe7 10. Nf3 Nc6 11. a3 g6 12. Bd3 Nxc3 13. Qxc3 a6 14. O-O Na7 15.
a4 c6 16. b4 Bd7 17. Ne5 Rc8 18. Rfc1 Be8 19. Qb3 f6 20. Nf3 Kg7 21. Rc2 Bf7
22. Rac1 Rec7 23. Nd2 Qd7 24. Qa3 b5 25. a5 Qd6 26. Nb3 Ra8 27. Nc5 Nc8 28. Be2
f5 29. Rc3 Kg8 30. Bf3 Ne7 31. R1c2 Qf6 32. Qc1 g5 33. Qd2 h5 34. Be2 Bg6 35.
Rc1 g4 36. hxg4 hxg4 37. Kf1 0-1

[Event "Dundee & Angus Major"]
[Site "?"]
[Date "2014.10.11"]
[Round "3"]
[White "Caldow, Ian M"]
[Black "Noble, Ray"]
[Result "0-1"]
[WhiteElo "1503"]
[BlackElo "1542"]
[PlyCount "99"]
[EventDate "2014.??.??"]

1. e4 c5 2. Nf3 Nc6 3. d4 cxd4 4. Nxd4 e5 5. Nf3 Nf6 6. Nc3 Be7 7. Be2 O-O 8.
O-O d6 9. Re1 a6 10. Be3 b5 11. a3 Ng4 12. Bc1 Qb6 13. Rf1 Nf6 14. Be3 Qb7 15.
Bg5 Ne8 16. Bxe7 Nxe7 17. h3 h6 18. Nh2 Be6 19. b3 Rd8 20. Bf3 d5 21. Ng4 Nf6
22. Nxf6+ gxf6 23. Qe2 d4 24. Na2 Ng6 25. Nb4 Nf4 26. Qd2 Kh7 27. Kh2 Rg8 28.
Nd3 Nxd3 29. Qxd3 Rg7 30. Rg1 Qc7 31. Qe2 Rdg8 32. c3 Qxc3 33. Rac1 Qxb3 34.
Rc6 Qxa3 35. Rxe6 fxe6 36. Bg4 Rxg4 37. hxg4 Qc3 38. Qa2 Rxg4 39. g3 Qc8 40.
Qa3 Rg7 41. Rc1 Rc7 42. Rh1 Ra7 43. Kg2 Qc7 44. Qf8 Qg7 45. Qe8 Qf7 46. Qc6 Qd7
47. Qc1 Qg7 48. Qc6 Qb7 49. Qc1 Qxe4+ 50. Kf1 0-1

[Event "Dundee & Angus Major"]
[Site "?"]
[Date "2014.10.11"]
[Round "3"]
[White "Walsh, Peter"]
[Black "Potts, David"]
[Result "0-1"]
[WhiteElo "1531"]
[BlackElo "1523"]
[PlyCount "76"]
[EventDate "2014.??.??"]

1. c4 c5 2. Nf3 Nc6 3. Nc3 g6 4. g3 Bg7 5. Bg2 e5 6. d3 Nge7 7. O-O O-O 8. e3
d6 9. a3 a6 10. Rb1 Rb8 11. Nd5 Nxd5 12. cxd5 Ne7 13. e4 Bg4 14. b4 cxb4 15.
Rxb4 b5 16. Qb3 Bd7 17. Qb1 Rc8 18. Bd2 Rc7 19. Rb2 Qb8 20. Bb4 Rcc8 21. Rd1 f5
22. Nd2 f4 23. f3 Qb6+ 24. d4 a5 25. Bxa5 Qxa5 26. gxf4 Rxf4 27. Nb3 Qc3 28.
Kh1 Qc7 29. dxe5 Bxe5 30. Rc1 Qa7 31. Rxc8+ Nxc8 32. Rc2 Rh4 33. Bf1 Qe3 34.
Qd1 Nb6 35. Na5 Qg5 36. Bg2 Rxh2+ 37. Kg1 Qe3+ 38. Kf1 Bd4 0-1

[Event "Dundee & Angus Major"]
[Site "?"]
[Date "2014.10.11"]
[Round "3"]
[White "Adams, David"]
[Black "Ramazanov (J11), Vagif"]
[Result "1-0"]
[WhiteElo "1478"]
[BlackElo "1398"]
[PlyCount "47"]
[EventDate "2014.??.??"]

1. c4 c5 2. Nf3 Nc6 3. Nc3 d6 4. g3 g6 5. Bg2 Bg7 6. O-O e5 7. d3 Nge7 8. Bd2
O-O 9. a3 Be6 10. Ng5 Bf5 11. e4 Bd7 12. Rb1 h6 13. Nf3 f5 14. h4 f4 15. Nd5
fxg3 16. fxg3 Bg4 17. Qe1 Nxd5 18. cxd5 Nd4 19. Nxd4 cxd4 20. Rf2 Rc8 21. Rc1
Rxf2 22. Qxf2 Rxc1+ 23. Bxc1 Qc7 24. Qd2 1-0

[Event "Dundee & Angus Major"]
[Site "?"]
[Date "2014.10.11"]
[Round "3"]
[White "Berera (J12), Siddharth"]
[Black "Barron-Majerik, Jan"]
[Result "1/2-1/2"]
[WhiteElo "1088"]
[BlackElo "1475"]
[PlyCount "53"]
[EventDate "2014.??.??"]

1. d4 f5 2. Nf3 Nf6 3. Bf4 e6 4. e3 d5 5. Bd3 Nc6 6. O-O a6 7. a3 Bd6 8. h3
Bxf4 9. exf4 Ne4 10. c3 O-O 11. Nbd2 Bd7 12. Ne5 Nxe5 13. fxe5 g5 14. Re1 Be8
15. Nf1 g4 16. hxg4 Qh4 17. Bxe4 dxe4 18. Nh2 Kh8 19. g3 Qh3 20. gxf5 exf5 21.
Qe2 Rg8 22. Qf1 Qh6 23. Qg2 Bf7 24. Re2 f4 25. Rxe4 Bd5 26. Rae1 fxg3 27. fxg3
1/2-1/2

[Event "Dundee & Angus Major"]
[Site "?"]
[Date "2014.10.11"]
[Round "3"]
[White "Waugh, Norman"]
[Black "sanger (J10), Jake M"]
[Result "1/2-1/2"]
[WhiteElo "1197"]
[BlackElo "1097"]
[PlyCount "53"]
[EventDate "2014.??.??"]

1. d4 d5 2. c4 e6 3. Nf3 Nf6 4. Nc3 c6 5. a4 Nbd7 6. e3 Be7 7. Bd3 O-O 8. O-O
Re8 9. b3 Nf8 10. Ne5 Bd6 11. f4 Ng6 12. c5 Bc7 13. Bd2 Bd7 14. Be1 Ba5 15.
Bxg6 fxg6 16. Qd3 Bxc3 17. Bxc3 Ne4 18. Rac1 Rf8 19. Qe2 Rf5 20. Qg4 Nf6 21.
Qf3 Ne4 22. Rc2 Qe7 23. b4 Raf8 24. Be1 Be8 25. Bg3 g5 26. Qe2 a6 27. Rcc1
1/2-1/2

[Event "Dundee & Angus Major"]
[Site "?"]
[Date "2014.10.11"]
[Round "3"]
[White "Cutting, Ronnie"]
[Black "Flockhart, Hugh"]
[Result "1/2-1/2"]
[WhiteElo "1311"]
[BlackElo "1479"]
[PlyCount "33"]
[EventDate "2014.??.??"]

1. Nf3 Nf6 2. d4 g6 3. c4 c5 4. d5 Bg7 5. Nc3 O-O 6. Bf4 d6 7. Qd2 Re8 8. e3 a6
9. a4 Nbd7 10. Bd3 Ng4 11. h3 Nge5 12. Bxe5 Nxe5 13. Nxe5 Bxe5 14. O-O Bd7 15.
f4 Bg7 16. Ne4 Bf5 17. Nf2 1/2-1/2

[Event "Dundee & Angus Major"]
[Site "?"]
[Date "2014.10.11"]
[Round "3"]
[White "Hegde J14), Stuthi"]
[Black "Pearson, Walter"]
[Result "1/2-1/2"]
[WhiteElo "1084"]
[BlackElo "1454"]
[PlyCount "94"]
[EventDate "2014.??.??"]

1. d4 d5 2. c4 e6 3. Nc3 Nf6 4. cxd5 exd5 5. Bg5 Be7 6. e3 c6 7. Qc2 h6 8. Bf4
Nh5 9. Bg3 Nd7 10. Be2 Nxg3 11. hxg3 Nf6 12. Nh3 Qd6 13. Nf4 Bg4 14. Nh5 Bxh5
15. Bxh5 Nxh5 16. Rxh5 O-O-O 17. a3 Kb8 18. Na4 g6 19. Rh1 b6 20. Rc1 Rc8 21.
Qb3 Ka8 22. Kd2 h5 23. Qd3 Qb8 24. Rc3 Rc7 25. Rhc1 Rhc8 26. Rb3 Rb7 27. Rbc3
Qd6 28. Rb3 Qb8 29. Rbc3 Rbc7 30. Rb3 Qb7 31. Rc2 c5 32. dxc5 Bxc5 33. Nxc5
Rxc5 34. Rxc5 Rxc5 35. Rb5 Qc6 36. Rxc5 bxc5 37. f3 Kb7 38. Qb3+ Kc7 39. Qc3
Qd6 40. f4 Kd7 41. Qa5 Qb6 42. Qc3 Ke6 43. Qe5+ Kd7 44. Qxd5+ Ke7 45. Qe5+ Kf8
46. Qh8+ Ke7 47. Qe5+ Kf8 1/2-1/2

[Event "Dundee & Angus Major"]
[Site "?"]
[Date "2014.10.11"]
[Round "3"]
[White "Waddel, Alec"]
[Black "Sawaryn, Steve"]
[Result "1-0"]
[WhiteElo "1284"]
[BlackElo "1453"]
[PlyCount "53"]
[EventDate "2014.??.??"]

1. e4 c5 2. d4 cxd4 3. c3 dxc3 4. Nxc3 e6 5. Nf3 Bb4 6. Bc4 Ne7 7. O-O Bxc3 8.
bxc3 O-O 9. Ba3 Nbc6 10. Bd6 a6 11. a4 b6 12. Qc2 Bb7 13. Rfd1 Na5 14. Bd3 g6
15. Qd2 Kg7 16. Qf4 f6 17. e5 f5 18. Qh4 Ng8 19. Bxf8+ Qxf8 20. Bxa6 Bc6 21.
Bb5 Qe7 22. Qxe7+ Nxe7 23. Bxc6 Nexc6 24. Rxd7+ Kh6 25. Rb7 Rc8 26. Rxb6 g5 27.
h3 1-0

[Event "Dundee & Angus Major"]
[Site "?"]
[Date "2014.10.11"]
[Round "3"]
[White "Burnett, Robert"]
[Black "Cunningham, Jim"]
[Result "1/2-1/2"]
[WhiteElo "1453"]
[BlackElo "1556"]
[PlyCount "100"]
[EventDate "2014.??.??"]

1. e4 d6 2. Nf3 g6 3. Bc4 Bg7 4. d3 Nf6 5. h3 O-O 6. O-O Nc6 7. c3 a6 8. Be3 b5
9. Bb3 Na5 10. Bc2 c5 11. Nbd2 Bb7 12. Rb1 Nc6 13. a3 Qc7 14. Re1 Nd7 15. Nb3
a5 16. d4 c4 17. Nbd2 a4 18. Nh2 e5 19. d5 Na5 20. Ng4 Bc8 21. f4 f6 22. fxe5
Nxe5 23. Nxe5 fxe5 24. Rf1 Bd7 25. Qe2 Nb7 26. Rf3 Rxf3 27. Nxf3 Nc5 28. Rf1
Rf8 29. Nh2 Bc8 30. Ng4 Rxf1+ 31. Kxf1 Qf7+ 32. Kg1 Nd7 33. Nh6+ Bxh6 34. Bxh6
Nf6 35. Qf2 Ne8 36. Bd1 Qxf2+ 37. Kxf2 Kf7 38. Kg3 Nf6 39. Bf3 Bd7 40. Be3 Bc8
41. Kf2 Bd7 42. g4 Bc8 43. Kg3 Bd7 44. h4 Ne8 45. h5 Bc8 46. g5 Ng7 47. h6 Ne8
48. Bb6 Bd7 49. Bg4 Bxg4 50. Kxg4 Ke7 1/2-1/2